000 00487nam a2200193Ia 4500
008 151119s9999||||xx |||||||||||||| ||und||
082 _a823.91
082 _bGKKV26944
100 _aARORA BOOK COMPANY
245 _aCLASSIC TALES FOR CHILDREN - 14
260 _a--
260 _b--
260 _c0
600 _aARORA BOOK COMPANY
630 _aCLASSIC TALES FOR CHILDREN - 14
700 _aARORA BOOK COMPANY
730 _aCLASSIC TALES FOR CHILDREN - 14
942 _cBOOK
999 _c1079400
_d1079397